| 000 | 01067nam a22002297a 4500 | ||
|---|---|---|---|
| 005 | 20110913152830.0 | ||
| 008 | 110913t xxu||||| |||| 00| 0 mar d | ||
| 010 | _aMAR-21304 | ||
| 020 |
_c200.00 _a9788190976266 |
||
| 035 | _aMR-13962 | ||
| 037 | _bDBAD/PUB | ||
| 040 |
_aDPL _bMR |
||
| 082 | _a891.46092 | ||
| 100 |
_aठाकूर,रवींद्र _934729 |
||
| 245 |
_aसाहित्यिक आनंद यादव / _cरवींद्र ठाकूर |
||
| 246 |
_aSahityik Anand Yadav _bby Raveendra Thakur |
||
| 260 |
_aनांदेड _bबळीवंश प्रकाशन _c2011 |
||
| 270 |
_bनांदेड _e431605 _aनृसिंह पॅलेसच्या मागे,नरहरनगर, |
||
| 300 |
_a208पृ. _c21सेमी(अजिल्द) |
||
| 942 |
_2ddc _cMR _mयादव _h891.46092 |
||
| 999 |
_c56626 _d56626 |
||